[Event "DVM U16w 2023"]
[Site "Magdeburg GER"]
[Date "2023.12.30"]
[Round "7"]
[White "Czäczine, Laura"]
[Black "Leuchsenring, Delia"]
[Result "1-0"]
[Termination "normal"]
[Board "3.3"]
[WhiteElo "1474"]
[BlackElo "1097"]
[WhiteClock "00:02:37"]
[BlackClock "00:18:09"]
[WhiteTeam "Chemnitzer SC Aufbau95"]
[BlackTeam "ATSV Oberkotzau"]
[PlyCount "115"]
[WhiteFideId "16211448"]
[BlackFideId "34605304"]
[EventCountry "GER"]
[EventRounds "7"]
[EventType "team-swiss"]
[EventDate "2023.12.26"]

1. e4 {[%clk 01:30:59]} e5 {[%clk 01:30:55]} {[%emt 00:00:05]} 2. Nf3 {[%clk
01:31:22]} {[%emt 00:00:07]} Nf6 {[%clk 01:31:21]} {[%emt 00:00:04]} 3. Nc3
{[%clk 01:31:46]} {[%emt 00:00:05]} Nc6 {[%clk 01:31:37]} {[%emt 00:00:15]} 4.
d4 {[%clk 01:32:09]} {[%emt 00:00:07]} exd4 {[%clk 01:30:12]} {[%emt 00:01:55]}
5. Nd5 {[%clk 01:32:31]} {[%emt 00:00:08]} d6 {[%clk 01:26:50]} {[%emt
00:03:53]} 6. Nxd4 {[%clk 01:28:30]} {[%emt 00:04:31]} Ne5 {[%clk 01:24:54]}
{[%emt 00:02:26]} 7. Bg5 {[%clk 01:26:28]} {[%emt 00:02:29]} Be7 {[%clk
01:23:42]} {[%emt 00:01:45]} 8. Bxf6 {[%clk 01:24:51]} {[%emt 00:02:06]} Bxf6
{[%clk 01:24:00]} {[%emt 00:00:12]} 9. Nb5 {[%clk 01:25:12]} {[%emt 00:00:09]}
O-O {[%clk 01:19:25]} {[%emt 00:05:06]} 10. Ndxc7 {[%clk 01:18:47]} {[%emt
00:06:54]} a6 {[%clk 01:17:10]} {[%emt 00:02:45]} 11. Qxd6 {[%clk 01:15:15]}
{[%emt 00:04:02]} axb5 {[%clk 01:14:40]} {[%emt 00:02:59]} 12. Qxd8 {[%clk
01:15:35]} {[%emt 00:00:11]} Bxd8 {[%clk 01:14:17]} {[%emt 00:00:53]} 13. Nxa8
{[%clk 01:15:52]} {[%emt 00:00:13]} Ba5+ {[%clk 01:14:02]} {[%emt 00:00:45]}
14. c3 {[%clk 01:08:23]} {[%emt 00:07:59]} Bd7 {[%clk 01:08:26]} {[%emt
00:06:07]} 15. O-O-O {[%clk 00:57:44]} {[%emt 00:11:08]} Bc6 {[%clk 01:05:39]}
{[%emt 00:03:17]} 16. f3 {[%clk 00:45:57]} {[%emt 00:12:17]} Rxa8 {[%clk
01:05:24]} {[%emt 00:00:44]} 17. Be2 {[%clk 00:41:19]} {[%emt 00:05:03]} Bb6
{[%clk 01:04:15]} {[%emt 00:01:45]} 18. Kb1 {[%clk 00:40:19]} {[%emt 00:01:31]}
Kf8 {[%clk 00:58:12]} {[%emt 00:06:32]} 19. Rhf1 {[%clk 00:31:49]} {[%emt
00:08:55]} Ke7 {[%clk 00:54:59]} {[%emt 00:03:48]} 20. Ka1 {[%clk 00:28:02]}
{[%emt 00:04:17]} Nc4 {[%clk 00:53:22]} {[%emt 00:02:07]} 21. Bxc4 {[%clk
00:24:54]} {[%emt 00:03:38]} bxc4 {[%clk 00:53:40]} {[%emt 00:00:12]} 22. Kb1
{[%clk 00:24:40]} {[%emt 00:00:44]} Bc7 {[%clk 00:52:30]} {[%emt 00:01:40]} 23.
Rd4 {[%clk 00:21:36]} {[%emt 00:03:27]} b5 {[%clk 00:51:10]} {[%emt 00:01:56]}
24. Rdd1 {[%clk 00:19:31]} {[%emt 00:02:35]} h6 {[%clk 00:50:10]} {[%emt
00:01:31]} 25. g3 {[%clk 00:18:58]} {[%emt 00:01:03]} Bd6 {[%clk 00:46:16]}
{[%emt 00:04:25]} 26. Rfe1 {[%clk 00:17:36]} {[%emt 00:01:47]} f6 {[%clk
00:44:18]} {[%emt 00:02:32]} 27. f4 {[%clk 00:13:40]} {[%emt 00:04:26]} Ke6
{[%clk 00:42:48]} {[%emt 00:02:01]} 28. Rd2 {[%clk 00:08:30]} {[%emt 00:05:36]}
Re8 {[%clk 00:38:07]} {[%emt 00:05:14]} 29. Rf2 {[%clk 00:06:30]} {[%emt
00:02:23]} Bc5 {[%clk 00:36:31]} {[%emt 00:02:13]} 30. Rfe2 {[%clk 00:06:23]}
{[%emt 00:00:34]} Re7 {[%clk 00:34:13]} {[%emt 00:02:50]} 31. e5 {[%clk
00:05:10]} {[%emt 00:01:44]} Bf3 {[%clk 00:31:53]} {[%emt 00:02:49]} 32. exf6+
{[%clk 00:03:10]} {[%emt 00:02:31]} Kxf6 {[%clk 00:31:44]} {[%emt 00:00:39]}
33. Rxe7 {[%clk 00:03:00]} {[%emt 00:00:40]} Bxe7 {[%clk 00:32:00]} {[%emt
00:00:14]} 34. b3 {[%clk 00:01:42]} {[%emt 00:01:48]} Bc6 {[%clk 00:27:36]}
{[%emt 00:04:54]} 35. bxc4 {[%clk 00:01:20]} {[%emt 00:00:52]} bxc4 {[%clk
00:27:37]} {[%emt 00:00:29]} 36. Kc2 {[%clk 00:01:24]} {[%emt 00:00:24]} Bc5
{[%clk 00:24:22]} {[%emt 00:03:47]} 37. Kd2 {[%clk 00:01:32]} {[%emt 00:00:19]}
g6 {[%clk 00:23:08]} {[%emt 00:01:47]} 38. Rf1 {[%clk 00:01:04]} {[%emt
00:00:57]} Kf5 {[%clk 00:21:56]} {[%emt 00:01:43]} 39. Re1 {[%clk 00:01:02]}
{[%emt 00:00:29]} Bd6 {[%clk 00:19:52]} {[%emt 00:02:37]} 40. Re2 {[%clk
00:00:53]} {[%emt 00:00:36]} Be4 {[%clk 00:18:17]} {[%emt 00:02:07]} 41. a4
{[%clk 00:29:07]} {[%emt 00:02:16]} Bc7 {[%clk 00:47:40]} {[%emt 00:01:07]} 42.
Re1 {[%clk 00:28:09]} {[%emt 00:01:24]} Ba5 {[%clk 00:47:28]} {[%emt 00:00:47]}
43. Re2 {[%clk 00:24:15]} {[%emt 00:04:19]} Bc7 {[%clk 00:46:05]} {[%emt
00:01:58]} 44. Kc1 {[%clk 00:20:22]} {[%emt 00:04:19]} Bb6 {[%clk 00:43:31]}
{[%emt 00:03:08]} 45. Kb2 {[%clk 00:17:19]} {[%emt 00:03:29]} Bc7 {[%clk
00:41:42]} {[%emt 00:02:23]} 46. Re1 {[%clk 00:14:08]} {[%emt 00:03:30]} Bb6
{[%clk 00:36:35]} {[%emt 00:05:47]} 47. Re2 {[%clk 00:12:24]} {[%emt 00:02:02]}
Bc7 {[%clk 00:35:46]} {[%emt 00:01:32]} 48. Ka3 {[%clk 00:11:18]} {[%emt
00:01:30]} Bd6+ {[%clk 00:35:46]} {[%emt 00:00:36]} 49. Ka2 {[%clk 00:11:11]}
{[%emt 00:00:33]} Bc7 {[%clk 00:35:40]} {[%emt 00:00:39]} 50. Rb2 {[%clk
00:08:04]} {[%emt 00:03:25]} Bc6 {[%clk 00:33:32]} {[%emt 00:02:50]} 51. Rb4
{[%clk 00:06:47]} {[%emt 00:01:36]} Ba5 {[%clk 00:30:21]} {[%emt 00:03:52]} 52.
Rb8 {[%clk 00:04:28]} {[%emt 00:02:46]} Bxc3 {[%clk 00:24:11]} {[%emt
00:06:44]} 53. Rc8 {[%clk 00:04:18]} {[%emt 00:00:36]} Bd5 {[%clk 00:22:51]}
{[%emt 00:01:54]} 54. a5 {[%clk 00:03:20]} {[%emt 00:01:28]} Bd2 {[%clk
00:18:12]} {[%emt 00:05:09]} 55. Rd8 {[%clk 00:02:05]} {[%emt 00:01:44]} c3+
{[%clk 00:17:58]} {[%emt 00:00:45]} 56. Rxd5+ {[%clk 00:02:25]} {[%emt
00:00:10]} Ke4 {[%clk 00:18:06]} {[%emt 00:00:22]} 57. Rc5 {[%clk 00:02:41]}
{[%emt 00:00:10]} Kd3 {[%clk 00:18:09]} {[%emt 00:00:31]} 58. Kb1 {[%clk
00:02:37]} {[%emt 00:00:30]} 1-0

[Event "DVM U16w 2023"]
[Site "Magdeburg GER"]
[Date "2023.12.30"]
[Round "7"]
[White "Köppel, Clementine"]
[Black "Brewig, Bea Josephine"]
[Result "0-1"]
[Termination "normal"]
[Board "3.4"]
[WhiteElo "1267"]
[BlackElo "1256"]
[WhiteClock "00:30:35"]
[BlackClock "00:11:17"]
[WhiteTeam "ATSV Oberkotzau"]
[BlackTeam "Chemnitzer SC Aufbau95"]
[PlyCount "154"]
[WhiteFideId "34605819"]
[BlackFideId "16249313"]
[EventCountry "GER"]
[EventRounds "7"]
[EventType "team-swiss"]
[EventDate "2023.12.26"]

1. e4 {[%clk 01:30:58]} {[%emt 00:00:01]} e5 {[%clk 01:30:50]} {[%emt
00:00:11]} 2. Nf3 {[%clk 01:31:21]} {[%emt 00:00:07]} Nc6 {[%clk 01:31:14]}
{[%emt 00:00:06]} 3. d4 {[%clk 01:31:46]} {[%emt 00:00:05]} exd4 {[%clk
01:31:39]} {[%emt 00:00:05]} 4. Nxd4 {[%clk 01:32:10]} {[%emt 00:00:06]} Nf6
{[%clk 01:31:48]} {[%emt 00:00:21]} 5. Nc3 {[%clk 01:32:34]} {[%emt 00:00:06]}
Nxe4 {[%clk 01:26:18]} {[%emt 00:06:00]} 6. Nxe4 {[%clk 01:24:57]} {[%emt
00:08:07]} Qe7 {[%clk 01:26:23]} {[%emt 00:00:25]} 7. f3 {[%clk 01:19:02]}
{[%emt 00:06:25]} d5 {[%clk 01:26:09]} {[%emt 00:00:43]} 8. Nxc6 {[%clk
01:18:24]} {[%emt 00:01:08]} bxc6 {[%clk 01:26:15]} {[%emt 00:00:25]} 9. Qe2
{[%clk 01:17:38]} {[%emt 00:01:15]} dxe4 {[%clk 01:21:58]} {[%emt 00:04:48]}
10. Qxe4 {[%clk 01:17:55]} {[%emt 00:00:13]} Qxe4+ {[%clk 01:22:03]} {[%emt
00:00:25]} 11. fxe4 {[%clk 01:18:18]} {[%emt 00:00:07]} Bd6 {[%clk 01:12:33]}
{[%emt 00:10:00]} 12. Bc4 {[%clk 01:16:49]} {[%emt 00:01:59]} O-O {[%clk
01:05:34]} {[%emt 00:07:28]} 13. O-O {[%clk 01:15:28]} {[%emt 00:01:51]} Bc5+
{[%clk 00:56:21]} {[%emt 00:09:44]} 14. Kh1 {[%clk 01:15:19]} {[%emt 00:00:38]}
Be6 {[%clk 00:55:37]} {[%emt 00:01:14]} 15. Bd3 {[%clk 01:12:31]} {[%emt
00:03:18]} Rad8 {[%clk 00:42:50]} {[%emt 00:13:17]} 16. Bf4 {[%clk 01:11:08]}
{[%emt 00:01:54]} Bd4 {[%clk 00:36:58]} {[%emt 00:06:22]} 17. Bxc7 {[%clk
01:02:28]} {[%emt 00:09:10]} Bxb2 {[%clk 00:37:11]} {[%emt 00:00:17]} 18. Rab1
{[%clk 01:00:49]} {[%emt 00:02:09]} Rd7 {[%clk 00:36:52]} {[%emt 00:00:48]} 19.
Rxb2 {[%clk 00:59:34]} {[%emt 00:01:45]} Rxc7 {[%clk 00:37:12]} {[%emt
00:00:11]} 20. Rfb1 {[%clk 00:59:15]} {[%emt 00:00:48]} Rcc8 {[%clk 00:34:11]}
{[%emt 00:03:31]} 21. a3 {[%clk 00:56:21]} {[%emt 00:03:24]} Ra8 {[%clk
00:20:01]} {[%emt 00:14:41]} 22. Ba6 {[%clk 00:55:07]} {[%emt 00:01:43]} Bc8
{[%clk 00:17:38]} {[%emt 00:02:54]} 23. Bd3 {[%clk 00:52:17]} {[%emt 00:03:20]}
Be6 {[%clk 00:15:09]} {[%emt 00:02:59]} 24. Ba6 {[%clk 00:52:08]} {[%emt
00:00:39]} Bc8 {[%clk 00:15:13]} {[%emt 00:00:26]} 25. Bd3 {[%clk 00:49:54]}
{[%emt 00:02:42]} Be6 {[%clk 00:14:06]} {[%emt 00:01:39]} 26. Rb7 {[%clk
00:47:34]} {[%emt 00:02:50]} Rfc8 {[%clk 00:09:33]} {[%emt 00:05:03]} 27. Ba6
{[%clk 00:47:01]} {[%emt 00:01:02]} g6 {[%clk 00:09:04]} {[%emt 00:00:59]} 28.
Kg1 {[%clk 00:45:10]} {[%emt 00:02:21]} c5 {[%clk 00:08:26]} {[%emt 00:01:09]}
29. Re7 {[%clk 00:41:41]} {[%emt 00:03:57]} Rd8 {[%clk 00:07:21]} {[%emt
00:01:36]} 30. Rc7 {[%clk 00:41:03]} {[%emt 00:01:08]} Rd4 {[%clk 00:07:21]}
{[%emt 00:00:31]} 31. Rxc5 {[%clk 00:40:42]} {[%emt 00:00:50]} Ra4 {[%clk
00:07:18]} {[%emt 00:00:34]} 32. Bb7 {[%clk 00:38:12]} {[%emt 00:03:00]} Rb8
{[%clk 00:06:11]} {[%emt 00:01:38]} 33. Rc3 {[%clk 00:37:14]} {[%emt 00:01:25]}
Rxe4 {[%clk 00:06:15]} {[%emt 00:00:27]} 34. Bxe4 {[%clk 00:35:50]} {[%emt
00:01:54]} Rxb1+ {[%clk 00:06:39]} {[%emt 00:00:07]} 35. Kf2 {[%clk 00:36:07]}
{[%emt 00:00:12]} Ra1 {[%clk 00:06:05]} {[%emt 00:01:05]} 36. Bc6 {[%clk
00:34:14]} {[%emt 00:02:23]} Ra2 {[%clk 00:05:11]} {[%emt 00:01:24]} 37. Kf3
{[%clk 00:33:11]} {[%emt 00:01:32]} Kg7 {[%clk 00:04:30]} {[%emt 00:01:12]} 38.
Ke3 {[%clk 00:28:15]} {[%emt 00:05:26]} Kf6 {[%clk 00:02:39]} {[%emt 00:02:21]}
39. Kd2 {[%clk 00:27:39]} {[%emt 00:01:05]} Ke7 {[%clk 00:01:56]} {[%emt
00:01:13]} 40. Ba4 {[%clk 00:27:00]} {[%emt 00:01:09]} Ra1 {[%clk 00:00:47]}
{[%emt 00:01:40]} 41. Re3 {[%clk 00:24:39]} {[%emt 00:02:51]} Kf6 {[%clk
00:26:37]} {[%emt 00:04:40]} 42. Re1 {[%clk 00:53:31]} {[%emt 00:01:37]} Rxa3
{[%clk 00:25:40]} {[%emt 00:01:27]} 43. Bb5 {[%clk 00:48:37]} {[%emt 00:05:24]}
a5 {[%clk 00:21:48]} {[%emt 00:04:23]} 44. c4 {[%clk 00:46:57]} {[%emt
00:02:10]} Ra2+ {[%clk 00:18:25]} {[%emt 00:03:53]} 45. Kd3 {[%clk 00:45:50]}
{[%emt 00:01:36]} Rxg2 {[%clk 00:18:16]} {[%emt 00:00:39]} 46. c5 {[%clk
00:45:05]} {[%emt 00:01:15]} Rg5 {[%clk 00:18:08]} {[%emt 00:00:37]} 47. Rc1
{[%clk 00:42:29]} {[%emt 00:03:06]} Ke7 {[%clk 00:14:28]} {[%emt 00:04:11]} 48.
Ba6 {[%clk 00:40:50]} {[%emt 00:02:10]} Kd7 {[%clk 00:12:49]} {[%emt 00:02:09]}
49. Bb5+ {[%clk 00:33:39]} {[%emt 00:07:41]} Kc7 {[%clk 00:12:36]} {[%emt
00:00:43]} 50. Ra1 {[%clk 00:33:17]} {[%emt 00:00:51]} Rxc5 {[%clk 00:12:05]}
{[%emt 00:01:01]} 51. Ba4 {[%clk 00:32:21]} {[%emt 00:01:26]} Rh5 {[%clk
00:10:44]} {[%emt 00:01:51]} 52. Rc1+ {[%clk 00:32:27]} {[%emt 00:00:24]} Kd8
{[%clk 00:10:57]} {[%emt 00:00:17]} 53. Rh1 {[%clk 00:29:43]} {[%emt 00:03:13]}
Ke7 {[%clk 00:09:02]} {[%emt 00:02:27]} 54. Ke4 {[%clk 00:28:52]} {[%emt
00:01:21]} Rh4+ {[%clk 00:09:08]} {[%emt 00:00:24]} 55. Kf3 {[%clk 00:29:06]}
{[%emt 00:00:14]} Rxa4 {[%clk 00:09:13]} {[%emt 00:00:27]} 56. Kg3 {[%clk
00:27:35]} {[%emt 00:02:00]} Ra2 {[%clk 00:08:04]} {[%emt 00:01:40]} 57. h4
{[%clk 00:27:35]} {[%emt 00:00:28]} h5 {[%clk 00:08:06]} {[%emt 00:00:29]} 58.
Rb1 {[%clk 00:27:45]} {[%emt 00:00:21]} a4 {[%clk 00:07:51]} {[%emt 00:00:45]}
59. Rb7+ {[%clk 00:27:50]} {[%emt 00:00:24]} Kf6 {[%clk 00:08:05]} {[%emt
00:00:16]} 60. Rb1 {[%clk 00:27:30]} {[%emt 00:00:49]} a3 {[%clk 00:07:59]}
{[%emt 00:00:38]} 61. Rf1+ {[%clk 00:27:30]} {[%emt 00:00:28]} Kg7 {[%clk
00:07:59]} {[%emt 00:00:31]} 62. Rf3 {[%clk 00:27:09]} {[%emt 00:00:51]} Ra1
{[%clk 00:08:14]} {[%emt 00:00:16]} 63. Kf4 {[%clk 00:26:51]} {[%emt 00:00:48]}
a2 {[%clk 00:08:08]} {[%emt 00:00:35]} 64. Ra3 {[%clk 00:26:32]} {[%emt
00:00:49]} Rf1+ {[%clk 00:08:15]} {[%emt 00:00:23]} 65. Kg3 {[%clk 00:26:37]}
{[%emt 00:00:25]} a1=Q {[%clk 00:08:24]} {[%emt 00:00:14]} 66. Rxa1 {[%clk
00:27:05]} {[%emt 00:00:10]} Rxa1 {[%clk 00:08:49]} {[%emt 00:00:05]} 67. Kf4
{[%clk 00:27:19]} {[%emt 00:00:16]} Ra4+ {[%clk 00:08:45]} {[%emt 00:00:34]}
68. Kg3 {[%clk 00:27:40]} {[%emt 00:00:08]} f5 {[%clk 00:09:02]} {[%emt
00:00:14]} 69. Kf3 {[%clk 00:27:59]} {[%emt 00:00:11]} Kf6 {[%clk 00:08:57]}
{[%emt 00:00:34]} 70. Kg3 {[%clk 00:28:16]} {[%emt 00:00:13]} Ke5 {[%clk
00:09:11]} {[%emt 00:00:17]} 71. Kf3 {[%clk 00:28:34]} {[%emt 00:00:11]} Ra3+
{[%clk 00:09:33]} {[%emt 00:00:09]} 72. Ke2 {[%clk 00:28:52]} {[%emt 00:00:11]}
Ke4 {[%clk 00:09:57]} {[%emt 00:00:07]} 73. Kf2 {[%clk 00:29:09]} {[%emt
00:00:12]} Kf4 {[%clk 00:10:10]} {[%emt 00:00:17]} 74. Kg2 {[%clk 00:29:33]}
{[%emt 00:00:06]} Bf7 {[%clk 00:10:36]} {[%emt 00:00:05]} 75. Kf2 {[%clk
00:29:52]} {[%emt 00:00:10]} Ra2+ {[%clk 00:11:01]} {[%emt 00:00:06]} 76. Kf1
{[%clk 00:30:14]} {[%emt 00:00:06]} Ke3 {[%clk 00:11:19]} {[%emt 00:00:14]} 77.
Ke1 {[%clk 00:30:35]} {[%emt 00:00:08]} Ra1# {[%clk 00:11:17]} {[%emt
00:00:02]} 0-1

[Event "DVM U16w 2023"]
[Site "Magdeburg GER"]
[Date "2023.12.30"]
[Round "7"]
[White "Fetahovic, Maida"]
[Black "Huber, Laura"]
[Result "1-0"]
[Termination "normal"]
[Board "4.3"]
[WhiteElo "1038"]
[BlackElo "1417"]
[WhiteClock "00:14:58"]
[BlackClock "00:14:21"]
[WhiteTeam "SG Solingen"]
[BlackTeam "SC Garching 1980"]
[PlyCount "67"]
[WhiteFideId "34611932"]
[BlackFideId "16270940"]
[EventCountry "GER"]
[EventRounds "7"]
[EventType "team-swiss"]
[EventDate "2023.12.26"]

1. e4 {[%clk 01:30:56]} {[%emt 00:00:04]} c6 {[%clk 01:30:57]} {[%emt
00:00:04]} 2. Nf3 {[%clk 01:31:20]} {[%emt 00:00:05]} d5 {[%clk 01:30:03]}
{[%emt 00:01:24]} 3. exd5 {[%clk 01:31:40]} {[%emt 00:00:10]} cxd5 {[%clk
01:30:03]} {[%emt 00:00:30]} 4. Ne5 {[%clk 01:32:04]} {[%emt 00:00:07]} Nf6
{[%clk 01:20:58]} {[%emt 00:09:36]} 5. d4 {[%clk 01:32:23]} {[%emt 00:00:10]}
Nbd7 {[%clk 01:14:12]} {[%emt 00:07:16]} 6. Bb5 {[%clk 01:26:20]} {[%emt
00:06:33]} a6 {[%clk 01:11:32]} {[%emt 00:03:10]} 7. Ba4 {[%clk 01:26:37]}
{[%emt 00:00:13]} b5 {[%clk 01:07:46]} {[%emt 00:04:16]} 8. Bb3 {[%clk
01:26:55]} {[%emt 00:00:11]} Nb6 {[%clk 01:06:14]} {[%emt 00:02:03]} 9. c3
{[%clk 01:24:30]} {[%emt 00:02:54]} e6 {[%clk 01:01:25]} {[%emt 00:05:19]} 10.
O-O {[%clk 01:23:19]} {[%emt 00:01:41]} Bd7 {[%clk 00:57:54]} {[%emt 00:04:01]}
11. Nxd7 {[%clk 01:22:50]} {[%emt 00:01:00]} Nbxd7 {[%clk 00:54:48]} {[%emt
00:03:36]} 12. Bf4 {[%clk 01:22:55]} {[%emt 00:00:25]} Be7 {[%clk 00:54:05]}
{[%emt 00:01:13]} 13. Nd2 {[%clk 01:22:57]} {[%emt 00:00:27]} O-O {[%clk
00:50:58]} {[%emt 00:03:37]} 14. Bc2 {[%clk 01:21:41]} {[%emt 00:01:45]} Nb6
{[%clk 00:49:35]} {[%emt 00:01:55]} 15. Nf3 {[%clk 01:12:36]} {[%emt 00:09:35]}
Bd6 {[%clk 00:47:56]} {[%emt 00:02:08]} 16. Bg5 {[%clk 01:02:33]} {[%emt
00:10:34]} Be7 {[%clk 00:44:42]} {[%emt 00:03:43]} 17. Ne5 {[%clk 01:01:38]}
{[%emt 00:01:25]} Qc7 {[%clk 00:44:06]} {[%emt 00:01:06]} 18. Re1 {[%clk
00:54:33]} {[%emt 00:07:35]} Nc4 {[%clk 00:39:39]} {[%emt 00:04:58]} 19. Nxc4
{[%clk 00:42:14]} {[%emt 00:12:48]} bxc4 {[%clk 00:38:51]} {[%emt 00:01:18]}
20. Re3 {[%clk 00:42:28]} {[%emt 00:00:15]} h6 {[%clk 00:25:11]} {[%emt
00:14:12]} 21. Bxh6 {[%clk 00:37:27]} {[%emt 00:05:31]} gxh6 {[%clk 00:20:46]}
{[%emt 00:04:55]} 22. Rg3+ {[%clk 00:37:27]} {[%emt 00:00:29]} Kh8 {[%clk
00:20:51]} {[%emt 00:00:25]} 23. Qd2 {[%clk 00:37:17]} {[%emt 00:00:40]} Ng4
{[%clk 00:18:33]} {[%emt 00:02:48]} 24. Rxg4 {[%clk 00:34:50]} {[%emt
00:02:58]} Bg5 {[%clk 00:18:48]} {[%emt 00:00:14]} 25. Rxg5 {[%clk 00:31:12]}
{[%emt 00:04:08]} hxg5 {[%clk 00:18:25]} {[%emt 00:00:53]} 26. Qxg5 {[%clk
00:27:54]} {[%emt 00:03:49]} Rfb8 {[%clk 00:18:20]} {[%emt 00:00:34]} 27. b3
{[%clk 00:23:28]} {[%emt 00:04:56]} cxb3 {[%clk 00:17:35]} {[%emt 00:01:16]}
28. axb3 {[%clk 00:23:03]} {[%emt 00:00:54]} Qxc3 {[%clk 00:14:34]} {[%emt
00:03:31]} 29. Rc1 {[%clk 00:15:12]} {[%emt 00:08:20]} Qxd4 {[%clk 00:13:58]}
{[%emt 00:01:07]} 30. Qh6+ {[%clk 00:14:44]} {[%emt 00:00:58]} Kg8 {[%clk
00:13:44]} {[%emt 00:00:44]} 31. Bh7+ {[%clk 00:14:57]} {[%emt 00:00:17]} Kh8
{[%clk 00:14:03]} {[%emt 00:00:11]} 32. Bg6+ {[%clk 00:15:19]} {[%emt
00:00:08]} Kg8 {[%clk 00:14:21]} {[%emt 00:00:12]} 33. Qh7+ {[%emt 00:00:09]}
Kf8 {[%clk 00:14:21]} 34. Qxf7# {[%clk 00:14:58]} 1-0

[Event "DVM U16w 2023"]
[Site "Magdeburg GER"]
[Date "2023.12.30"]
[Round "7"]
[White "Muhina, Alina"]
[Black "Kovalyova, Alina"]
[Result "1-0"]
[Termination "normal"]
[Board "4.4"]
[WhiteElo "1210"]
[BlackElo "1146"]
[WhiteClock "01:02:05"]
[BlackClock "01:09:03"]
[WhiteTeam "SC Garching 1980"]
[BlackTeam "SG Solingen"]
[PlyCount "39"]
[WhiteFideId "16298322"]
[BlackFideId "34669477"]
[EventCountry "GER"]
[EventRounds "7"]
[EventType "team-swiss"]
[EventDate "2023.12.26"]

1. e4 {[%clk 01:30:59]} {[%emt 00:00:02]} e5 {[%clk 01:30:55]} {[%emt
00:00:05]} 2. Nf3 {[%clk 01:31:25]} {[%emt 00:00:04]} Nc6 {[%clk 01:31:15]}
{[%emt 00:00:10]} 3. d4 {[%clk 01:31:52]} {[%emt 00:00:03]} exd4 {[%clk
01:31:03]} {[%emt 00:00:42]} 4. Nxd4 {[%clk 01:32:16]} {[%emt 00:00:06]} Nge7
{[%clk 01:30:46]} {[%emt 00:00:47]} 5. Nc3 {[%clk 01:28:53]} {[%emt 00:03:52]}
Nxd4 {[%clk 01:28:36]} {[%emt 00:02:40]} 6. Qxd4 {[%clk 01:29:16]} {[%emt
00:00:08]} Nc6 {[%clk 01:28:36]} {[%emt 00:00:30]} 7. Qa4 {[%clk 01:27:17]}
{[%emt 00:02:29]} Bb4 {[%clk 01:26:21]} {[%emt 00:02:45]} 8. Bd3 {[%clk
01:26:52]} {[%emt 00:00:55]} Bxc3+ {[%clk 01:25:33]} {[%emt 00:01:18]} 9. bxc3
{[%clk 01:26:55]} {[%emt 00:00:28]} O-O {[%clk 01:25:28]} {[%emt 00:00:33]} 10.
O-O {[%clk 01:27:08]} {[%emt 00:00:18]} d5 {[%clk 01:24:49]} {[%emt 00:01:08]}
11. exd5 {[%clk 01:27:14]} {[%emt 00:00:25]} Qxd5 {[%clk 01:25:12]} {[%emt
00:00:07]} 12. Qh4 {[%clk 01:26:48]} {[%emt 00:00:57]} Bf5 {[%clk 01:24:01]}
{[%emt 00:01:40]} 13. Bc4 {[%clk 01:15:53]} {[%emt 00:11:25]} Qd8 {[%clk
01:21:58]} {[%emt 00:02:32]} 14. Bg5 {[%clk 01:12:04]} {[%emt 00:04:19]} Qd6
{[%clk 01:19:08]} {[%emt 00:03:20]} 15. Rad1 {[%clk 01:03:31]} {[%emt
00:09:05]} Qc5 {[%clk 01:15:29]} {[%emt 00:04:08]} 16. Bd3 {[%clk 01:02:10]}
{[%emt 00:01:51]} Bxd3 {[%clk 01:14:39]} {[%emt 00:01:20]} 17. Rxd3 {[%clk
01:02:09]} {[%emt 00:00:32]} Ne5 {[%clk 01:11:47]} {[%emt 00:03:20]} 18. Rh3
{[%clk 01:02:02]} {[%emt 00:00:37]} h6 {[%clk 01:09:59]} {[%emt 00:02:19]} 19.
Bxh6 {[%clk 01:01:52]} {[%emt 00:00:40]} gxh6 {[%clk 01:09:03]} {[%emt
00:01:25]} 20. Qxh6 {[%clk 01:02:05]} {[%emt 00:00:17]} 1-0